Invincible: Alternate Invincibles by Picture - Statistics

General Stats
  • This quiz has been taken 658 times
  • The average score is 10 of 18
Answer Stats
Picture Answer % Correct
Capevincible
84%
Movincihawk
84%
Omnivincible
84%
Viltrumincible
75%
Prisonincible
74%
Nogogglesible
66%
Nomaskible
66%
Hairvincible
62%
Mustachible
62%
Bulletproofible
60%
Maskvincible
58%
Flaxancible
51%
Hoodvincible
45%
Gogglesvincible
43%
Sportvincible
42%
Lightblueincible
34%
Capvincible
27%
Stripevincible
27%
No matching quizzes found
Score Distribution
Percent of People with Each Score
Percentile by Number Answered
Your Score History
You have not taken this quiz